Analýza kombinácií podnikov realizovaných v Slovenskej republike diplomová práca

Saved in:
Bibliographic Details
Main Author: Kirschbaumová, Sandra
Corporate Author: Fakulta hospodárskej informatiky EU. Katedra účtovníctva a audítorstva
Other Authors: Podmanická, Martina, 1977-
Format: Book
Language:Slovak
Published: Bratislava 2023
Tags: Add Tag
No Tags, Be the first to tag this record!

MARC

LEADER 00000nbm a2200000 4500
001 0294159
005 20240209093958.6
041 0 |a slo 
044 |a SK 
245 1 0 |a Analýza kombinácií podnikov realizovaných v Slovenskej republike  |b diplomová práca  |c Sandra Kirschbaumová ; školiteľ: Martina Podmanická 
264 1 |a Bratislava  |c 2023 
300 |a 70 s. 
100 1 |a Kirschbaumová, Sandra 
700 1 |a Podmanická, Martina, 1977- 
710 2 |a Fakulta hospodárskej informatiky EU. Katedra účtovníctva a audítorstva